LEADER 01552nam0-2200517---450- 001 990000080210203316 005 20050125183259.0 010 $a0-306-45238-3 035 $a0008021 035 $aUSA010008021 035 $a(ALEPH)000008021USA01 035 $a0008021 100 $a20000914d1996----|||y0itay0103----ba 101 0 $aeng 105 $a||||||||001yy 200 1 $aBlood cell biochemistry$fedited by Anthony D. Whetton and John Gordon 210 $aNew York [etc.]$cPlenum$dcopyr. 1996 215 $aXXI, 419 p.$d25 cm 225 2 $aBlood cell biochemistry$v7 410 0$a12001$aBlood cell biochemistry 606 0 $aSangue$xFisiologia 676 $a612.171 702 1$aGORDON,$bJohn 702 1$aWHETTON,$bAnthony D. 801 $aIT$bSALBC$gISBD 912 $a990000080210203316 951 $a612.171 HEM$b2018 Farm.$c612.171$d00000078 959 $aBK 969 $aFAR 979 $c20000914$lUSA01$h1737 979 $c20000919$lUSA01$h1048 979 $c20000919$lUSA01$h1521 979 $c20001019$lUSA01$h1056 979 $c20001019$lUSA01$h1454 979 $c20001019$lUSA01$h1501 979 $c20001019$lUSA01$h1538 979 $c20001024$lUSA01$h1514 979 $c20001027$lUSA01$h1519 979 $c20001027$lUSA01$h1523 979 $c20001110$lUSA01$h1710 979 $c20001124$lUSA01$h1208 979 $c20020403$lUSA01$h1615 979 $aPATRY$b90$c20040406$lUSA01$h1606 979 $aPATRY$b90$c20050125$lUSA01$h1832 996 $aBlood cell biochemistry$91486626 997 $aUNISA LEADER 01034nam0-2200337 --450 001 9910838500003321 005 20240315113638.0 010 $a978-88-575-9356-2 100 $a20240315d2023----kmuy0itay5050 ba 101 1 $aita$ceng 102 $aIT 105 $ay 001yy 200 1 $aSaggi sull'empirismo radicale$fWilliam James$ga cura di Luca Taddio e Andrea Colombo$gpostfazione di Rocco Ronchi 205 $aNuova ed. 210 $aMilano ; Udine$cMimesis$d2023 215 $a204 p.$d22 cm 225 1 $aMimesis. Canone minore$v14 454 0$12001$aEssays in radical empiricism$950338 610 0 $aEmpirismo 676 $a146.44$v23$zita 700 1$aJames,$bWilliam$f<1842-1910>$047983 702 1$aRonchi,$bRocco 702 1$aTaddio,$bLuca 702 1$aColombo,$bAndrea$f<1992- > 801 0$aIT$bUNINA$gREICAT$2UNIMARC 901 $aBK 912 $a9910838500003321 952 $aCollez. 2842 (14)$b782/2024$fFSPBC 959 $aFSPBC 996 $aEssays in radical empiricism$950338 997 $aUNINA